[Event "BL 1819 MSA Zugzwang - SV Hockenheim"]
[Site "?"]
[Date "2018.11.10"]
[Round "1.3"]
[White "Braun, Arik"]
[Black "Hertneck, Gerald"]
[Result "1-0"]
[WhiteElo "2605"]
[BlackElo "2492"]
[PlyCount "57"]
[EventDate "2018.??.??"]

1. d4 Nf6 2. c4 e6 3. Nc3 d5 4. cxd5 exd5 5. Bg5 Be7 6. e3 c6 7. Bd3 O-O 8. Qc2
Nbd7 9. Nf3 Re8 10. h3 Nf8 11. Bf4 Be6 12. O-O Bd6 13. Bxd6 Qxd6 14. Rab1 a5
15. a3 N6d7 16. Na4 b5 17. Nc3 f6 18. Rbc1 Bf7 19. Ne2 Rac8 20. Ng3 g6 21. Qd2
a4 22. e4 Nb6 23. e5 Qd8 24. Qh6 Re6 25. Bf5 Nc4 26. Bxe6 Bxe6 27. exf6 Qxf6
28. Rc2 Rb8 29. Re1 1-0

[Event "BL 1819 MSA Zugzwang - SV Hockenheim"]
[Site "?"]
[Date "2018.11.10"]
[Round "1.4"]
[White "Zysk, Robert"]
[Black "Baramidze, David"]
[Result "1/2-1/2"]
[WhiteElo "2404"]
[BlackElo "2614"]
[PlyCount "71"]
[EventDate "2018.??.??"]

1. d4 Nf6 2. c4 g6 3. Nc3 d5 4. Nf3 Bg7 5. Bf4 O-O 6. e3 c5 7. dxc5 Ne4 8. Rc1
Nd7 9. cxd5 Qa5 10. Nd4 Nxc3 11. bxc3 Nxc5 12. Bc4 Bd7 13. O-O Na4 14. Qb3 Nb6
15. Bb5 Bxd4 16. Bxd7 Bg7 17. Bc7 Qxd5 18. Rfd1 Qc5 19. Bxb6 axb6 20. a4 Rfd8
21. Rd3 Be5 22. g3 Bd6 23. Rd5 Qc7 24. Bb5 Rac8 25. c4 h5 26. Rcd1 h4 27. Qd3
hxg3 28. hxg3 Kg7 29. Qd4+ f6 30. Qe4 Rh8 31. Kg2 Kf7 32. Qg4 Rcd8 33. Rh1 f5
34. Rxf5+ gxf5 35. Qxf5+ Kg7 36. Qg5+ 1/2-1/2

[Event "BL 1819 MSA Zugzwang - SV Hockenheim"]
[Site "?"]
[Date "2018.11.10"]
[Round "1.5"]
[White "Buhmann, Rainer"]
[Black "Raykhman, Alexander"]
[Result "1-0"]
[WhiteElo "2574"]
[BlackElo "2387"]
[PlyCount "85"]
[EventDate "2018.??.??"]

1. e4 c5 2. Nf3 d6 3. d4 Nf6 4. Nc3 cxd4 5. Nxd4 a6 6. Be3 e6 7. g4 h5 8. g5
Ng4 9. Bc1 Qb6 10. h3 Ne5 11. Be2 Nbc6 12. Nb3 g6 13. Be3 Qc7 14. f4 Nd7 15.
Qd2 b5 16. a4 b4 17. Na2 Bb7 18. O-O Bg7 19. Rad1 Ne7 20. Qxd6 Qxd6 21. Rxd6
Bxe4 22. Rxd7 Nf5 23. Bf2 Bxc2 24. Nc5 b3 25. Nb4 Bxb2 26. Rb7 Nd4 27. Bxa6 Bc3
28. Nxc2 bxc2 29. Ne4 Nf3+ 30. Kg2 Ne1+ 31. Rxe1 Bxe1 32. Bb5+ Kf8 33. Rc7 Bxf2
34. Kxf2 Kg7 35. Rxc2 Rhd8 36. Ke3 Rd1 37. Ra2 Rh1 38. Nf2 Rb1 39. Bd3 Rc1 40.
a5 f6 41. gxf6+ Kxf6 42. a6 Ra7 43. Rb2 1-0

[Event "BL 1819 MSA Zugzwang - SV Hockenheim"]
[Site "?"]
[Date "2018.11.10"]
[Round "1.6"]
[White "Hoffmeyer, Falk"]
[Black "Wagner, Dennis"]
[Result "0-1"]
[WhiteElo "2337"]
[BlackElo "2576"]
[PlyCount "84"]
[EventDate "2018.??.??"]

1. d4 Nf6 2. Nf3 g6 3. Bg5 Bg7 4. Nbd2 O-O 5. c3 d6 6. e4 c5 7. dxc5 dxc5 8.
Be2 Nc6 9. O-O b6 10. Re1 Qc7 11. Bh4 Nh5 12. Nc4 h6 13. Nfd2 Nf4 14. Bf1 Bb7
15. Bg3 Rad8 16. Qc2 g5 17. Rad1 e6 18. a4 Ne7 19. f3 Kh8 20. Na3 Bc6 21. Nb5
Qb8 22. Nc4 a6 23. Nba3 b5 24. Na5 c4 25. Nxc6 Nxc6 26. b3 b4 27. Nxc4 bxc3 28.
Rxd8 Rxd8 29. e5 Nxe5 30. Bxf4 gxf4 31. Nxe5 Bxe5 32. Qe4 Bg7 33. Bd3 Kg8 34.
Bc2 Rd4 35. Qh7+ Kf8 36. Re2 Qd6 37. h3 Qa3 38. Kh2 Qc1 39. Bd3 a5 40. Rc2 Qe1
41. Be2 Qg3+ 42. Kh1 f5 0-1

[Event "BL 1819 MSA Zugzwang - SV Hockenheim"]
[Site "?"]
[Date "2018.11.10"]
[Round "1.7"]
[White "Banusz, Tamas"]
[Black "Eichler, Christoph"]
[Result "1-0"]
[WhiteElo "2606"]
[BlackElo "2315"]
[PlyCount "77"]
[EventDate "2018.??.??"]

1. Nf3 d5 2. g3 g6 3. Bg2 Bg7 4. d4 Nf6 5. c4 c6 6. Qb3 O-O 7. O-O Ne4 8. Nc3
Nxc3 9. bxc3 dxc4 10. Qxc4 Nd7 11. Qb3 Qc7 12. a4 b6 13. Bf4 e5 14. dxe5 Nxe5
15. Nxe5 Bxe5 16. Bxe5 Qxe5 17. Bxc6 Rb8 18. Bd5 Bb7 19. e4 Bxd5 20. exd5 Rfc8
21. c4 Rc5 22. Rfe1 Qd4 23. Rac1 Rbc8 24. Qf3 Kg7 25. Re4 Qb2 26. Rd1 Rxc4 27.
Rxc4 Rxc4 28. d6 Rc8 29. d7 Rd8 30. Qe3 Qf6 31. Qe8 h5 32. h4 g5 33. hxg5 Qxg5
34. Rd4 Qc1+ 35. Kh2 Qg5 36. Rf4 f5 37. Rc4 a6 38. Rc8 h4 39. Qxd8 1-0

[Event "BL 1819 MSA Zugzwang - SV Hockenheim"]
[Site "?"]
[Date "2018.11.10"]
[Round "1.8"]
[White "Lammers, Markus"]
[Black "Dobrikov, Marco"]
[Result "1-0"]
[WhiteElo "2298"]
[BlackElo "2231"]
[PlyCount "71"]
[EventDate "2018.??.??"]

1. Nf3 c5 2. c4 Nc6 3. d4 cxd4 4. Nxd4 g6 5. e4 Bg7 6. Nc2 d6 7. Be2 Nf6 8. Nc3
O-O 9. O-O Nd7 10. Bd2 Nc5 11. f3 a5 12. Kh1 Be6 13. Ne3 Qb6 14. Rb1 Nb4 15. a3
Nc6 16. Ned5 Bxd5 17. exd5 Ne5 18. f4 Ned7 19. b4 axb4 20. axb4 Na6 21. Re1
Rfe8 22. Bf1 Qc7 23. Nb5 Qc8 24. Be3 Nc7 25. c5 dxc5 26. bxc5 Na6 27. c6 bxc6
28. Na7 Qc7 29. Bxa6 Rxa7 30. Bxa7 Qxa7 31. dxc6 Nb8 32. Bb7 Qa5 33. Qb3 Bd4
34. Qc4 Bb6 35. Ra1 Qc5 36. Qxc5 1-0

[Event "BL 1819 BCA Augsburg - SC Viernheim"]
[Site "?"]
[Date "2018.11.10"]
[Round "1.1"]
[White "Malakhov, Vladimir"]
[Black "Prusikin, Michael"]
[Result "1/2-1/2"]
[WhiteElo "2654"]
[BlackElo "2510"]
[PlyCount "82"]
[EventDate "2018.??.??"]

1. Nf3 d5 2. g3 Nd7 3. d4 Ngf6 4. Bg2 b5 5. a4 b4 6. c4 bxc3 7. Nxc3 e6 8. O-O
a5 9. Bf4 c6 10. Qc2 Ba6 11. Rfd1 Be7 12. e4 O-O 13. exd5 Nxd5 14. Ne5 Nxe5 15.
Bxe5 Qd7 16. Ne4 Bb4 17. Nc5 Qe7 18. Rac1 Rfd8 19. h3 h6 20. Qe4 Ra7 21. g4 Qg5
22. Qf3 Qe7 23. Rc2 Qg5 24. Bg3 Qg6 25. Rcc1 Raa8 26. Bh4 Rdc8 27. Nxa6 Rxa6
28. Bf1 Rb6 29. Bd3 f5 30. Bg3 Rf8 31. Rc2 Qg5 32. Re2 fxg4 33. Qe4 gxh3 34.
Qxe6+ Kh8 35. Re5 Qf6 36. Qg4 h2+ 37. Kxh2 Bd6 38. Qe4 g6 39. Rd2 Nf4 40. Re8
Rb8 41. Rxb8 Bxb8 1/2-1/2

[Event "BL 1819 BCA Augsburg - SC Viernheim"]
[Site "?"]
[Date "2018.11.10"]
[Round "1.11"]
[White "Anton Guijarro, David"]
[Black "Nestorovic, Nikola"]
[Result "0-1"]
[WhiteElo "2649"]
[BlackElo "2455"]
[PlyCount "146"]
[EventDate "2018.??.??"]

1. e4 e5 2. Nf3 Nc6 3. Bc4 Nf6 4. Ng5 d5 5. exd5 Na5 6. Bb5+ c6 7. dxc6 bxc6 8.
Be2 h6 9. Nh3 g5 10. d3 c5 11. Ng1 Rb8 12. Nc3 Nc6 13. Nf3 Be7 14. O-O Be6 15.
b3 Qc7 16. Be3 Nd4 17. Nd2 O-O 18. Bf3 Rbd8 19. Re1 g4 20. Be2 Kh7 21. Bf1 Rg8
22. g3 h5 23. Bg2 h4 24. Nc4 Nh5 25. Bxd4 exd4 26. Nb5 Qb8 27. a4 a6 28. Nba3
Bf6 29. Qe2 hxg3 30. hxg3 Rg5 31. Qe4+ Kg7 32. Qb7 Qxb7 33. Bxb7 Rb8 34. Bxa6
Bd5 35. Nd2 Rh8 36. Ne4 Rg6 37. Bc4 Ba8 38. Kf1 Bd8 39. Ke2 f5 40. Nd2 Ba5 41.
Kd1 Rgh6 42. b4 Bxb4 43. Kc1 Nxg3 44. fxg3 Rh1 45. Kb2 Bc3+ 46. Ka2 Bxa1 47.
Re7+ Kf6 48. Re6+ Kg5 49. Nb3 Bc3 50. Nxc5 Be1 51. Ra6 Bxg3 52. Ne6+ Kh4 53.
Nb5 Be5 54. Nbxd4 Bxd4 55. Nxd4 f4 56. Rg6 Rh5 57. Kb2 f3 58. Be6 Rg1 59. Rf6
Kg5 60. Rf5+ Kh4 61. Rf8 Bd5 62. Bxd5 Rxd5 63. Nxf3+ gxf3 64. Rxf3 Kg5 65. Rf8
Rg4 66. Kb3 Rf4 67. Rb8 Kf6 68. Rb5 Rxb5+ 69. axb5 Ke5 70. c4 Kd6 71. Kb4 Rh4
72. Ka5 Kc5 73. b6 Kc6 0-1

[Event "BL 1819 BCA Augsburg - SC Viernheim"]
[Site "?"]
[Date "2018.11.10"]
[Round "1.4"]
[White "Pitl, Gregory"]
[Black "Maze, Sebastien"]
[Result "0-1"]
[WhiteElo "2387"]
[BlackElo "2602"]
[PlyCount "60"]
[EventDate "2018.??.??"]

1. d4 Nf6 2. Bg5 d5 3. Bxf6 gxf6 4. e3 c5 5. dxc5 Nc6 6. Bb5 a6 7. Ba4 Rg8 8.
Nc3 e6 9. Qf3 Bxc5 10. O-O-O Bd7 11. Nge2 Rc8 12. Bb3 Na5 13. e4 Nxb3+ 14. axb3
dxe4 15. Nxe4 Be7 16. g4 Qc7 17. c3 Bc6 18. Rhe1 Kf8 19. N2g3 Rg6 20. Kb1 a5
21. Rd4 Rd8 22. Red1 Rxd4 23. Rxd4 Rh6 24. Nh5 Rxh5 25. gxh5 f5 26. Qe3 Bxe4+
27. Ka2 Bf6 28. Rd1 b6 29. Qh6+ Ke7 30. Qxh7 a4 0-1

[Event "BL 1819 BCA Augsburg - SC Viernheim"]
[Site "?"]
[Date "2018.11.10"]
[Round "1.5"]
[White "Fedorchuk, Sergey A"]
[Black "Schmittdiel, Eckhard"]
[Result "1/2-1/2"]
[WhiteElo "2611"]
[BlackElo "2436"]
[PlyCount "65"]
[EventDate "2018.??.??"]

1. e4 e6 2. d4 d5 3. Nd2 a6 4. Ngf3 c5 5. exd5 exd5 6. dxc5 Bxc5 7. Nb3 Ba7 8.
Bg5 Ne7 9. Nfd4 Nbc6 10. c3 O-O 11. Be2 Qd6 12. Qd2 Nf5 13. Nxc6 bxc6 14. O-O
h6 15. Bf4 Qf6 16. Rae1 Bb6 17. Bd3 a5 18. a4 Be6 19. Kh1 Rfe8 20. Be5 Qh4 21.
Qc2 f6 22. Bd4 Nxd4 23. Nxd4 Bd7 24. g3 Qh3 25. Bg6 Rxe1 26. Rxe1 Bxd4 27. cxd4
Qg4 28. Kg1 Qxd4 29. Re7 Bg4 30. Qxc6 Qd1+ 31. Kg2 Qf3+ 32. Kg1 Qd1+ 33. Kg2
1/2-1/2

[Event "BL 1819 BCA Augsburg - SC Viernheim"]
[Site "?"]
[Date "2018.11.10"]
[Round "1.6"]
[White "Kukov, Velislav"]
[Black "Tarlev, Konstantin"]
[Result "0-1"]
[WhiteElo "2362"]
[BlackElo "2557"]
[PlyCount "114"]
[EventDate "2018.??.??"]

1. d4 Nf6 2. Nf3 e6 3. c3 d5 4. Bf4 Bd6 5. Bg3 Qe7 6. Nbd2 Nbd7 7. e3 e5 8.
dxe5 Nxe5 9. Nxe5 Bxe5 10. Bxe5 Qxe5 11. Nf3 Qe7 12. Be2 O-O 13. O-O c5 14. Qc2
Be6 15. Rfd1 Rfd8 16. a4 Rac8 17. a5 Rd6 18. Ng5 Bd7 19. c4 h6 20. Nf3 Be6 21.
Nd2 Rcd8 22. cxd5 Rxd5 23. Nc4 Rxd1+ 24. Rxd1 Rxd1+ 25. Qxd1 Bd5 26. b3 Qe6 27.
Qc1 Ne4 28. f3 Nd6 29. Nxd6 Qxd6 30. Bc4 Bxc4 31. bxc4 Qd3 32. Kf2 Qb3 33. Qd2
Qxc4 34. Qd7 g6 35. Qxb7 Qa2+ 36. Kg3 Qxa5 37. h4 Qe1+ 38. Kh3 Qxe3 39. Qxa7
Qe6+ 40. g4 Qd5 41. Qb8+ Kg7 42. Kg3 Qd4 43. Qc7 c4 44. g5 h5 45. Kg2 c3 46.
Kg3 Qg1+ 47. Kh3 Qh1+ 48. Kg3 Qe1+ 49. Kh3 Qe6+ 50. Kg3 Qb3 51. Qe5+ Kh7 52.
Qc5 c2 53. Qc7 Kg8 54. Qd8+ Kg7 55. Qf6+ Kh7 56. Qf4 Kg8 57. Qc7 Qb2 0-1

[Event "BL 1819 BCA Augsburg - SC Viernheim"]
[Site "?"]
[Date "2018.11.10"]
[Round "1.7"]
[White "Beikert, Guenther"]
[Black "Lipok, Christoph"]
[Result "1-0"]
[WhiteElo "2403"]
[BlackElo "2287"]
[PlyCount "81"]
[EventDate "2018.??.??"]

1. e4 e5 2. Nf3 Nc6 3. Bb5 a6 4. Bxc6 dxc6 5. O-O Bg4 6. h3 h5 7. d3 Qf6 8. Be3
Bxf3 9. Qxf3 Qxf3 10. gxf3 Bd6 11. Nd2 Ne7 12. Rfb1 g5 13. Kf1 f6 14. Ke2 Ng6
15. b4 Kd7 16. c4 Nf4+ 17. Bxf4 gxf4 18. c5 Be7 19. Nc4 Rad8 20. Rg1 Rhg8 21.
Rac1 b6 22. cxb6 Rxg1 23. Rxg1 cxb6 24. Nxb6+ Ke6 25. Rc1 Bxb4 26. Rxc6+ Rd6
27. Rxd6+ Bxd6 28. Na4 Bb4 29. d4 exd4 30. Kd3 Ke5 31. Kc4 Ba3 32. Kb3 Bf8 33.
Nb2 f5 34. Nd3+ Kf6 35. Nxf4 fxe4 36. fxe4 Bd6 37. Nxh5+ Kg5 38. Ng3 Bc5 39.
Kc4 Ba7 40. Ne2 d3 41. f4+ 1-0

[Event "BL 1819 BCA Augsburg - SC Viernheim"]
[Site "?"]
[Date "2018.11.10"]
[Round "1.8"]
[White "Mueller, Werner"]
[Black "Meinhardt, Maximilian"]
[Result "1/2-1/2"]
[WhiteElo "2089"]
[BlackElo "2403"]
[PlyCount "78"]
[EventDate "2018.??.??"]

1. Nf3 d5 2. g3 Nf6 3. Bg2 c5 4. d3 Nc6 5. O-O e6 6. Nbd2 Be7 7. e4 O-O 8. Re1
b5 9. e5 Nd7 10. Nf1 b4 11. h4 a5 12. h5 a4 13. h6 g6 14. a3 bxa3 15. bxa3 Rb8
16. N1h2 Ba6 17. Ng4 Nd4 18. Bd2 Qb6 19. Ra2 Rfc8 20. Qc1 Qd8 21. Nxd4 cxd4 22.
Qa1 Qb6 23. Bb4 Bxb4 24. axb4 Bb5 25. Qc1 Bxd3 26. Qg5 Bxc2 27. Qe7 Bf5 28.
Nf6+ Nxf6 29. Qxf6 Kf8 30. Rxa4 d3 31. Rd1 Rc2 32. Rf1 d2 33. Bf3 Rc1 34. Ra1
Rbc8 35. Kg2 Rxf1 36. Rxf1 Rc1 37. Rd1 Ke8 38. Rxd2 Qb5 39. Be2 Be4+ 1/2-1/2

[Event "BL 1819 SF Berlin - SV 1920 Hofheim"]
[Site "?"]
[Date "2018.11.10"]
[Round "1.1"]
[White "Schroeder, Jan-Christian"]
[Black "Vocaturo, Daniele"]
[Result "1/2-1/2"]
[WhiteElo "2571"]
[BlackElo "2630"]
[PlyCount "187"]
[EventDate "2018.??.??"]

1. e4 c5 2. Nf3 e6 3. d4 cxd4 4. Nxd4 Nf6 5. Nc3 Nc6 6. Ndb5 Bc5 7. Nd6+ Ke7 8.
Bf4 e5 9. Nf5+ Kf8 10. Bg5 d6 11. Ne3 h6 12. Bxf6 Qxf6 13. Ncd5 Qd8 14. c3 Be6
15. b4 Bxe3 16. Nxe3 Qc7 17. Be2 g6 18. O-O Kg7 19. Bg4 Rhd8 20. Bxe6 fxe6 21.
Qb3 Qe7 22. Rad1 Rd7 23. Rd2 Rc8 24. Rfd1 Nd8 25. a4 b6 26. Rd3 Nf7 27. Qa2
Rdc7 28. c4 a5 29. Qb2 axb4 30. Qxb4 Ra7 31. Qxb6 Rb7 32. Qa5 Ra7 33. Qb4 Qc7
34. Ra3 Rca8 35. f3 Ra5 36. Rb1 Qc6 37. Rba1 Nd8 38. Nd1 Rc5 39. Nb2 Qc7 40.
Rb3 Ra6 41. Rd1 Rcc6 42. Qb8 Kf7 43. Rb5 Ke7 44. Qxc7+ Rxc7 45. Rb1 Nc6 46. c5
d5 47. Rb6 Ra5 48. exd5 exd5 49. Re1 Rxc5 50. Nd3 Ra5 51. Nxe5 Nxe5 52. Rxe5+
Kf7 53. Ree6 Rxa4 54. Rf6+ Kg8 55. Rxg6+ Rg7 56. Rxg7+ Kxg7 57. Rd6 Rd4 58. Kf2
Rd2+ 59. Kg3 d4 60. Kh3 Rd3 61. Re6 Rd1 62. f4 d3 63. Rd6 Rd2 64. Kg3 Rd1 65.
Kf2 h5 66. h3 h4 67. Kf3 Kf7 68. Kg4 Rd2 69. Kxh4 Rxg2 70. Rxd3 Kf6 71. Rg3 Rf2
72. Kg4 Kg6 73. Rg1 Kf6 74. Ra1 Rg2+ 75. Kf3 Rb2 76. Ra6+ Kf5 77. Ra5+ Kf6 78.
h4 Kg6 79. Rg5+ Kf6 80. Rg2 Rb1 81. h5 Kf5 82. Rg5+ Kf6 83. Rg6+ Kf5 84. Rg5+
Kf6 85. Ra5 Rf1+ 86. Kg3 Rg1+ 87. Kf2 Rh1 88. Kg2 Rh4 89. Kg3 Rh1 90. Kg2 Rh4
91. Kf3 Rh1 92. h6 Rxh6 93. Ra6+ Kf5 94. Rxh6 1/2-1/2

[Event "BL 1819 SF Berlin - SV 1920 Hofheim"]
[Site "?"]
[Date "2018.11.10"]
[Round "1.2"]
[White "Moranda, Wojciech"]
[Black "Perske, Thore"]
[Result "1-0"]
[WhiteElo "2599"]
[BlackElo "2448"]
[PlyCount "117"]
[EventDate "2018.??.??"]

1. d4 Nf6 2. c4 g6 3. Nf3 Bg7 4. g3 O-O 5. Bg2 d6 6. O-O Nc6 7. Nc3 a6 8. Qc2
Rb8 9. Rd1 Na5 10. Nd5 b5 11. Nxf6+ Bxf6 12. Bh6 Re8 13. cxb5 axb5 14. Rac1 c6
15. e4 Qb6 16. b3 e5 17. dxe5 dxe5 18. Be3 Qc7 19. Ne1 Bg4 20. f3 Be6 21. Nd3
Red8 22. Nc5 Rxd1+ 23. Rxd1 Bc8 24. Bf1 b4 25. Qf2 Ra8 26. Nd3 Be7 27. Bb6 Qb8
28. Bc5 Bxc5 29. Qxc5 Nb7 30. Qxe5 Qxe5 31. Nxe5 Rxa2 32. Bc4 Be6 33. Bxe6 fxe6
34. Nxc6 Rb2 35. Nxb4 Rxb3 36. Nd3 Kf8 37. Ne5 Rb5 38. Ng4 Ke7 39. f4 h5 40.
Ne5 Nc5 41. Nxg6+ Kf6 42. Ne5 Rb4 43. Rc1 Nxe4 44. Rc7 Rb1+ 45. Kg2 Rb2+ 46.
Kf3 Ng5+ 47. fxg5+ Kxe5 48. Rf7 Rb3+ 49. Kg2 Rb4 50. h3 Rb2+ 51. Rf2 Rb8 52. h4
Ke4 53. g4 hxg4 54. g6 Rh8 55. g7 Rg8 56. Rf7 e5 57. h5 Kd5 58. h6 Ke6 59. Rf8
1-0

[Event "BL 1819 SF Berlin - SV 1920 Hofheim"]
[Site "?"]
[Date "2018.11.10"]
[Round "1.3"]
[White "Savchenko, Stanislav"]
[Black "Tomczak, Jacek"]
[Result "1/2-1/2"]
[WhiteElo "2461"]
[BlackElo "2633"]
[PlyCount "61"]
[EventDate "2018.??.??"]

1. Nf3 Nf6 2. c4 c5 3. Nc3 d5 4. cxd5 Nxd5 5. e4 Nb4 6. Bb5+ N8c6 7. d4 cxd4 8.
a3 dxc3 9. Qxd8+ Kxd8 10. axb4 cxb2 11. Bxb2 f6 12. e5 Bd7 13. Bc4 Nxb4 14. O-O
Rc8 15. Bf7 Nd3 16. Bd4 fxe5 17. Bxe5 Rc5 18. Bd4 e5 19. Be3 Kc7 20. Rfd1 e4
21. Ng5 Rxg5 22. Bxg5 Bc5 23. Be3 Bxe3 24. fxe3 Bb5 25. Bd5 Nc5 26. Rxa7 Ba6
27. Rc1 Kb6 28. Rxc5 Kxc5 29. Bxb7 Bd3 30. Ra8 Rxa8 31. Bxa8 1/2-1/2

[Event "BL 1819 SF Berlin - SV 1920 Hofheim"]
[Site "?"]
[Date "2018.11.10"]
[Round "1.4"]
[White "Schneider, Ilja"]
[Black "Ginsburg, Gennadi"]
[Result "1/2-1/2"]
[WhiteElo "2507"]
[BlackElo "2418"]
[PlyCount "79"]
[EventDate "2018.??.??"]

1. d4 d5 2. Nf3 e6 3. c4 c5 4. e3 Nc6 5. a3 Nf6 6. dxc5 Bxc5 7. b4 Bd6 8. Bb2
O-O 9. Nbd2 Qe7 10. Bd3 Rd8 11. O-O Ne4 12. Qc2 Nxd2 13. Nxd2 h6 14. f4 Bc7 15.
Kh1 dxc4 16. Nxc4 a6 17. Qc3 f6 18. Be4 Bd7 19. Rad1 Be8 20. Bb1 Rxd1 21. Rxd1
Rd8 22. Rxd8 Qxd8 23. Qd3 Qxd3 24. Bxd3 b5 25. Nd2 Bb6 26. Nf1 Kf7 27. Kg1 g5
28. g3 Ne7 29. Kf2 gxf4 30. gxf4 Nd5 31. Kf3 Bc6 32. e4 Ne7 33. Nd2 f5 34. Nb3
Ng6 35. Nd4 Nh4+ 36. Kg3 Bxd4 37. Bxd4 fxe4 38. Bxe4 Bxe4 39. Kxh4 Kg6 40. Kg3
1/2-1/2

[Event "BL 1819 SF Berlin - SV 1920 Hofheim"]
[Site "?"]
[Date "2018.11.10"]
[Round "1.5"]
[White "Womacka, Mathias"]
[Black "Baldauf, Marco"]
[Result "0-1"]
[WhiteElo "2449"]
[BlackElo "2470"]
[PlyCount "110"]
[EventDate "2018.??.??"]

1. e4 c6 2. d4 d5 3. Nd2 dxe4 4. Nxe4 Bf5 5. Ng3 Bg6 6. h4 h6 7. Nf3 Nd7 8. h5
Bh7 9. Bd3 Bxd3 10. Qxd3 e6 11. Bd2 Ngf6 12. O-O-O Be7 13. Kb1 Qb6 14. Rhe1 O-O
15. Nf5 exf5 16. Rxe7 Qd8 17. Ree1 Ne4 18. Be3 Re8 19. Ng1 Qh4 20. f3 Nf2 21.
Bxf2 Qxf2 22. Rf1 Qxg2 23. Qxf5 Rad8 24. Nh3 Nf8 25. c3 Rd5 26. Qg4 Qxg4 27.
fxg4 Re4 28. Nf2 Rf4 29. Nd3 Rxg4 30. Ne5 Rg2 31. c4 Ra5 32. d5 cxd5 33. cxd5
Rg5 34. Nxf7 Rgxd5 35. Nd6 Rxd1+ 36. Rxd1 Rxh5 37. Nxb7 Re5 38. Nd8 a6 39. Rd6
h5 40. Rxa6 h4 41. Rd6 h3 42. Rd1 h2 43. Rh1 Re2 44. a4 g5 45. a5 g4 46. a6 Nd7
47. a7 Nb6 48. Ne6 g3 49. Nf4 Rf2 50. Nh3 Rf1+ 51. Rxf1 g2 52. Rc1 h1=Q 53. Ng1
Qh7+ 54. Rc2 Qe4 55. Nh3 Nc8 0-1

[Event "BL 1819 SF Berlin - SV 1920 Hofheim"]
[Site "?"]
[Date "2018.11.10"]
[Round "1.6"]
[White "Jakubowski, Krzysztof"]
[Black "Lobzhanidze, Davit"]
[Result "1-0"]
[WhiteElo "2510"]
[BlackElo "2428"]
[PlyCount "113"]
[EventDate "2018.??.??"]

1. c4 e6 2. d4 Nf6 3. Nc3 Bb4 4. Nf3 b6 5. e3 Bb7 6. Bd3 Ne4 7. O-O Nxc3 8.
bxc3 Be7 9. e4 d6 10. a4 a5 11. Ne1 O-O 12. f4 e5 13. Nc2 f5 14. exf5 e4 15.
Be2 Rxf5 16. Bg4 Rf6 17. Ne3 c6 18. Rb1 Nd7 19. Qb3 Kh8 20. Bxd7 Qxd7 21. Qxb6
Bc8 22. d5 c5 23. Qc6 Qa7 24. Qb6 Rf8 25. Qxa7 Rxa7 26. Bd2 Bd7 27. Rb5 Rc8 28.
Re1 Bd8 29. Nc2 Bxb5 30. cxb5 Re7 31. Ne3 c4 32. Nf5 Bb6+ 33. Be3 Bxe3+ 34.
Rxe3 Rd7 35. Rxe4 g6 36. Nd4 Kg7 37. Nc6 h6 38. Rxc4 Re8 39. Kf2 g5 40. Nd4
gxf4 41. Ne6+ Kg6 42. Kf3 Rf7 43. Rc6 Rd7 44. Nc5 Re3+ 45. Kxf4 Rde7 46. Rxd6+
Kf7 47. Rxh6 Rxc3 48. Ne6 Rc1 49. Ke5 Rd7 50. Ng5+ Kg8 51. d6 Rg7 52. Ne4 Rd1
53. g4 Re1 54. Kd5 Rf7 55. Re6 Kf8 56. Nc5 Rd1+ 57. Kc6 1-0

[Event "BL 1819 SF Berlin - SV 1920 Hofheim"]
[Site "?"]
[Date "2018.11.10"]
[Round "1.7"]
[White "Gurevich, Vladimir"]
[Black "Thiede, Lars"]
[Result "1/2-1/2"]
[WhiteElo "2469"]
[BlackElo "2411"]
[PlyCount "46"]
[EventDate "2018.??.??"]

1. e4 d6 2. d4 Nf6 3. Nc3 e5 4. Nf3 Nc6 5. Bb5 Bd7 6. O-O Be7 7. Re1 exd4 8.
Nxd4 Nxd4 9. Qxd4 Bxb5 10. Nxb5 c6 11. Nc3 Qb6 12. Be3 Qxd4 13. Bxd4 O-O 14.
Rad1 Rfd8 15. a4 Ne8 16. f4 Bf6 17. Kf2 Bxd4+ 18. Rxd4 Kf8 19. Red1 Ke7 20. Re1
Nc7 21. Kf3 Ne6 22. Rd2 Nc5 23. Red1 Rab8 1/2-1/2

[Event "BL 1819 SF Berlin - SV 1920 Hofheim"]
[Site "?"]
[Date "2018.11.10"]
[Round "1.8"]
[White "Schmidek, Emil"]
[Black "Margolin, Boris"]
[Result "1/2-1/2"]
[WhiteElo "2387"]
[BlackElo "2386"]
[PlyCount "86"]
[EventDate "2018.??.??"]

1. e4 c5 2. Nf3 Nc6 3. d4 cxd4 4. Nxd4 e5 5. Nb5 a6 6. Nd6+ Bxd6 7. Qxd6 Qe7 8.
Qd1 Nf6 9. Nc3 d6 10. Bg5 Be6 11. Bxf6 Qxf6 12. Qxd6 Rd8 13. Qc5 Nd4 14. Bd3
Qg5 15. Ne2 Qxg2 16. O-O-O Qg5+ 17. Kb1 Qe7 18. Qxe7+ Kxe7 19. Nxd4 Rxd4 20. c3
Rd6 21. Be2 Rhd8 22. Rxd6 Rxd6 23. Kc2 g6 24. b3 Bh3 25. Rg1 h6 26. Rg3 Bd7 27.
Bc4 Rf6 28. f3 h5 29. Be2 Rf4 30. Kd2 Kf6 31. Ke3 g5 32. c4 g4 33. fxg4 hxg4
34. Rg1 Ke7 35. a3 a5 36. b4 axb4 37. axb4 f5 38. exf5 Bxf5 39. Rc1 Be6 40. b5
Rf8 41. Rg1 Rf4 42. Rc1 Rf8 43. Rg1 Rf4 1/2-1/2

[Event "BL 1819 SG Turm Kiel - SG Solingen"]
[Site "?"]
[Date "2018.11.10"]
[Round "1.2"]
[White "Khenkin, Igor"]
[Black "Van Wely, Loek"]
[Result "0-1"]
[WhiteElo "2546"]
[BlackElo "2622"]
[PlyCount "82"]
[EventDate "2018.??.??"]

1. d4 Nf6 2. c4 e6 3. Nc3 Bb4 4. Nf3 c5 5. g3 Ne4 6. Qc2 Qa5 7. Qxe4 Bxc3+ 8.
Bd2 Bxd2+ 9. Nxd2 Nc6 10. dxc5 b6 11. Bg2 Bb7 12. Qf4 bxc5 13. Qd6 Nd8 14. O-O
Bxg2 15. Kxg2 Qb6 16. Ne4 f5 17. Qxb6 axb6 18. Nd6+ Ke7 19. Rfd1 Nc6 20. e3 g5
21. b3 h5 22. Rd2 g4 23. Rad1 Ne5 24. e4 fxe4 25. Nxe4 h4 26. a4 h3+ 27. Kf1
Rhf8 28. Rd6 Rab8 29. a5 bxa5 30. Nxc5 Rfd8 31. Ke2 a4 32. bxa4 Rb2+ 33. R6d2
Rxd2+ 34. Rxd2 Nf3 35. Rd1 Nxh2 36. Ke3 Nf3 37. Kf4 h2 38. Rh1 Rc8 39. Kxg4
Ne5+ 40. Kf4 Rxc5 41. Rxh2 Rxc4+ 0-1

[Event "BL 1819 SG Turm Kiel - SG Solingen"]
[Site "?"]
[Date "2018.11.10"]
[Round "1.3"]
[White "Predojevic, Borki"]
[Black "Rasmussen, Allan Stig"]
[Result "1/2-1/2"]
[WhiteElo "2626"]
[BlackElo "2543"]
[PlyCount "42"]
[EventDate "2018.??.??"]

1. e4 c6 2. d4 d5 3. exd5 cxd5 4. Bd3 Nc6 5. c3 Qc7 6. Ne2 Bg4 7. O-O e6 8. Qe1
Nf6 9. Bg5 Bh5 10. f4 O-O-O 11. Ng3 Bg6 12. f5 exf5 13. Bxf6 gxf6 14. Nxf5 Qb6
15. Na3 h5 16. Nc2 Qxb2 17. Rb1 Qxa2 18. Ra1 Qb3 19. Rb1 Qa2 20. Ra1 Qb3 21.
Rb1 Qa2 1/2-1/2

[Event "BL 1819 SG Turm Kiel - SG Solingen"]
[Site "?"]
[Date "2018.11.10"]
[Round "1.4"]
[White "Hector, Jonny"]
[Black "Tari, Aryan"]
[Result "0-1"]
[WhiteElo "2495"]
[BlackElo "2614"]
[PlyCount "74"]
[EventDate "2018.??.??"]

1. e4 e5 2. Nf3 Nc6 3. Bc4 Nf6 4. d4 exd4 5. O-O Nxe4 6. Re1 d5 7. Bxd5 Qxd5 8.
Nc3 Qd7 9. Nxe4 Be7 10. Bg5 O-O 11. Bxe7 Qxe7 12. Nxd4 Bd7 13. Nc3 Qc5 14. Nb3
Qf5 15. Re4 Rad8 16. Qe2 Be6 17. Re1 Rd7 18. Qe3 b6 19. Ne2 Qf6 20. Nf4 Bxb3
21. Qxb3 Qf5 22. Qe3 h6 23. h3 Rfd8 24. c4 Rd4 25. Re8+ Rxe8 26. Qxe8+ Kh7 27.
Nd5 Rd2 28. Rf1 Qe6 29. Qf8 Rxb2 30. Nxc7 Qg6 31. Nd5 Rxa2 32. Qc8 Qe6 33. Qc7
Nd4 34. Qd8 Rd2 35. Qf8 Nf5 36. Ra1 Qe2 37. Rf1 Qxc4 0-1

[Event "BL 1819 SG Turm Kiel - SG Solingen"]
[Site "?"]
[Date "2018.11.10"]
[Round "1.5"]
[White "Andersen, Mads"]
[Black "Hoi, Carsten"]
[Result "1-0"]
[WhiteElo "2594"]
[BlackElo "2380"]
[PlyCount "73"]
[EventDate "2018.??.??"]

1. c4 g6 2. d4 Bg7 3. Nf3 Nf6 4. Nc3 O-O 5. e4 d6 6. Be2 e5 7. O-O Nc6 8. dxe5
dxe5 9. Bg5 Be6 10. Qxd8 Raxd8 11. Nd5 Bxd5 12. cxd5 Nb8 13. Rac1 c6 14. Bc4 h6
15. Bxf6 Bxf6 16. Bb3 Rd6 17. Rc2 Rfd8 18. Rfc1 Kg7 19. Kf1 Bg5 20. Re1 Bf6 21.
a3 Rc8 22. Rec1 Nd7 23. Ke2 Rb8 24. h4 cxd5 25. Bxd5 Nb6 26. Bb3 Rbd8 27. g4 g5
28. h5 Kf8 29. Nd2 Rd4 30. f3 Be7 31. Nf1 Rd3 32. Ba2 Na4 33. Bd5 Rd4 34. Ne3
Nb6 35. Rc7 Rd7 36. Rxd7 Nxd7 37. Rc8+ 1-0